000 01157nam a2200301 a 4500
005 20091211154314.0
008 030813s2004 nyua b 000 1 eng
020 _a0375825266
_c100.00
020 _a0375925260
_c100.00
037 _bBlueberry Books
040 _adpl
_bEnglish
082 _aS
100 _aGreenburg, J. C.
_q(Judith C.)
245 _aIn the deep /
_cby J.C. Greenburg ; illustrated by Jan Gerardi
260 _aNew York
_bRandom House
_c2004
300 _a83 p. :
_bill.
_c20 cm(pbk)
490 _aAndrew lost ;
_v8
500 _a"A Stepping Stone Book."
520 _aStill trying to save the giant squid from Soggy Bob, ten-year-old Andrew, his cousin Judy, and Thudd the robot nearly meet disaster at the Challenger Deep, the deepest place in the ocean.
650 _aMarine animals
_vFiction.
650 _aGiant squids
_vFiction.
650 _aSquids
_vFiction.
650 _aCousins
_vFiction.
700 _aGerardi, Jan
942 _2ddc
_cCH
_hS
_mGRE
999 _c32581
_d32581